Textbook of Medical Biochemistry / (Record no. 917)

MARC details
000 -LEADER
Fixed length control field 00622nam a2200217Ia 4500
003 - CONTROL NUMBER IDENTIFIER
Control field IIN
005 - DATE AND TIME OF LATEST TRANSACTION
Control field 20250407171847.0
008 - FIXED-LENGTH DATA ELEMENTS--GENERAL INFORMATION
Fixed length control field 231217s9999 xx 000 0 und d
020 ## - INTERNATIONAL STANDARD BOOK NUMBER / ISBN
Price Rs.1299.00
International Standard Book Number 9789351298250
040 ## - CATALOGING SOURCE
Original cataloging agency IIN
Language of cataloging English
082 ## - DEWEY DECIMAL CLASSIFICATION NUMBER
Classification number 612.015
Book Number CHA
100 1# - MAIN ENTRY--PERSONAL NAME
Personal name Chawla, Rajinder
245 1# - TITLE STATEMENT
Title Textbook of Medical Biochemistry /
Statement of responsibility Rajinder Chawla, Tarek H. El-Metwally and Suchanda Sahu
250 ## - EDITION STATEMENT
Edition statement 2nd ed
260 ## - IMPRINT
Name of publisher Wolters Kluwer
Place of publication New Delhi
Date of publication 2017
300 ## - PHYSICAL DESCRIPTION
Page / Vol. No xiv, 798 p.
650 1# - SUBJECT ADDED ENTRY--TOPICAL TERM
Topical term Biochemistry
Form subdivision Medical
700 1# - ADDED ENTRY--PERSONAL NAME
Personal name Tarek H. El-Metwally
700 1# - ADDED ENTRY--PERSONAL NAME
Personal name Sahu, Suchanda
942 ## - ADDED ENTRY ELEMENTS (KOHA)
Koha item type Books
Holdings
Withdrawn status Lost status Source of classification Damaged status Not for loan Collection code Home library Current library Date acquired Price Total Checkouts Call number Accession number Date last seen Price effective from Koha item type Shelving location
    Dewey Decimal Classification       IDEAL INSTITUTE OF NURSING IDEAL INSTITUTE OF NURSING 17/12/2023 1299.00   612.015 CHA 911 17/12/2023 17/12/2023 Books  
    Dewey Decimal Classification       IDEAL INSTITUTE OF NURSING IDEAL INSTITUTE OF NURSING 17/12/2023 1299.00   612.015 CHA 912 17/12/2023 17/12/2023 Books  
    Dewey Decimal Classification       IDEAL INSTITUTE OF NURSING IDEAL INSTITUTE OF NURSING 17/12/2023 1299.00   612.015 CHA 913 17/12/2023 17/12/2023 Books  
    Dewey Decimal Classification       IDEAL INSTITUTE OF NURSING IDEAL INSTITUTE OF NURSING 17/12/2023 1299.00   612.015 CHA 914 17/12/2023 17/12/2023 Books  
    Dewey Decimal Classification       IDEAL INSTITUTE OF NURSING IDEAL INSTITUTE OF NURSING 17/12/2023 1299.00   612.015 CHA 915 17/12/2023 17/12/2023 Books  
    Dewey Decimal Classification     Purches Book IDEAL INSTITUTE OF NURSING IDEAL INSTITUTE OF NURSING 11/03/2025     612.015 CHA 1864 07/04/2025 07/04/2025 Books General Stacks
© Ideal Institute Of Nursing, All rights reserved.         Powered by Koha